000 00292nam a22001337a 4500
008 170606b xxu||||| |||| 00| 0 eng d
020 _a030853222
041 _aeng
080 _a94
100 _a18
101 _aSHH
245 _aBURY MY HEART AT WOUNDED KNEE
_cBROWN,D
942 _2udc
_cBK
999 _c16136
_d16136